000 00289nam a22001217a 4500
008 170511b xxu||||| |||| 00| 0 eng d
041 _aeng
080 _26 ED
_a34
100 _a15
101 _aSHJ
245 _aPRINCIPLES OF PUBLIC INTERNATIONAL LAW
_cBROWNILE.I
942 _2udc
_cBK
999 _c13233
_d13233